| 000 | 00579nam a22001937a 4500 | ||
|---|---|---|---|
| 001 | BD-DhSAU 5248 | ||
| 003 | BD-DhSAU | ||
| 005 | 20150412154845.0 | ||
| 008 | 150209b1989 bg a|||| |||| 00| 0 eng d | ||
| 040 | _aBD-DhSAU | ||
| 082 |
_222 _a631.810202 _bFER |
||
| 245 |
_aFertilizer recommendation guide / _cEdited by Z. Karim [et..al] |
||
| 260 |
_aDhaka : _bBangladesh agricultural research council , _cc1989. |
||
| 300 |
_avii, 130 p.: _bill. ; _c28 cm. |
||
| 590 | _aIMRAN | ||
| 650 | _aSoil science | ||
| 700 | _a Karim, Z. | ||
| 710 | _aBangladesh Agricultural Research Council | ||
| 942 |
_2ddc _cBOOK |
||
| 999 |
_c5248 _d5248 |
||